[Event "AUT-chT"]
[Site "?"]
[Date "1994.??.??"]
[Round "?"]
[White "Kwatschewsky, Leo"]
[Black "Duer, Werner"]
[Result "0-1"]
[WhiteElo "2300"]
[BlackElo "2300"]

1.c4 c6 2.e3 f5 3.Nc3 Nf6 4.d4 g6 5.Nge2 d6 6.g3 e5 7.Bg2 Bg7 8.dxe5 dxe5
9.Qxd8+ Kxd8 10.e4 Be6 11.b3 Kc7 12.Ba3 Nbd7 13.Rc1 fxe4 14.Nxe4 Nxe4 15.Bxe4 Bh3
16.Bb2 Nc5 17.Bb1 Bg2 18.Rg1 Bf3 19.g4 Rhg8 20.Rg3 e4 21.Bxg7 Rxg7 22.Rc3 Rd8
23.b4 Rgd7 24.Bc2 Rd2 25.Rgxf3 exf3 26.Ng1 Ne4 27.Nxf3 Nxc3 28.Nxd2 Re8+  0-1

[Event "AUT-chT2S 9394"]
[Site "AUT"]
[Date "1994.??.??"]
[Round "?"]
[White "Titz, Heimo"]
[Black "Cigan, Stefan"]
[Result "0-1"]
[WhiteElo "2290"]
[BlackElo "2365"]

1.c4 c6 2.d4 d5 3.Nf3 Nf6 4.Nc3 e6 5.Qb3 Nbd7 6.Bg5 Be7 7.e3 O-O 8.Bd3 dxc4
9.Qxc4 Nd5 10.Bxe7 Qxe7 11.O-O N7b6 12.Qb3 c5 13.Nxd5 Nxd5 14.dxc5 Qxc5 15.Rac1 Qe7
16.Rfd1 b6 17.Bb5 Bb7 18.Bc6 Rfd8 19.a3 Rac8 20.Nd4 g6 21.h3 Rc7 22.Bxb7 Rxc1
23.Rxc1 Qxb7 24.Qc4 Ne7 25.Qc7 Rd7 26.Qxb7 Rxb7 27.Kf1 h5 28.Ke2 Kf8 29.e4 Rd7
30.Ke3 e5 31.Nb5 Ke8 32.Rc2 Kd8 33.f4 exf4+ 34.Kxf4 f6 35.Ke3 Ke8 36.Rc4 Kf7
37.Rd4 Rxd4 38.Kxd4 a6 39.Nc7 a5 40.Kc4 f5 41.exf5 Nxf5 42.Kb5 h4 43.Kxb6 Ne3
44.Kxa5 Nxg2 45.b4 g5 46.b5 g4 47.b6 gxh3 48.b7 h2 49.b8=Q h1=Q 50.Qe8+ Kf6
51.Nd5+ Kf5 52.Qh5+ Ke4 53.Nf6+ Kf4 54.Nd5+ Ke4 55.Nc3+ Kd4 56.Kb4 Nf4 57.Qc5+ Kd3
58.Qf5+ Ke3 59.Qe5+ Kd3 60.Qxf4 Qb7+ 61.Nb5 Qe4+ 62.Qxe4+ Kxe4 63.a4 h3 64.a5 h2
65.a6 h1=Q 66.a7 Ke5 67.Ka5 Qb7 68.Ka4 Kf6 69.Kb4 Ke7 70.Kc4 Kd7 71.Kc5 Qa6  0-1

[Event "Bad Woerishofen op"]
[Site "Bad Woerishofen"]
[Date "1994.??.??"]
[Round "6"]
[White "Schmittdiel, Eckhard"]
[Black "Juergens, Peter"]
[Result "1-0"]
[WhiteElo "2450"]
[BlackElo "2235"]

1.c4 c6 2.e4 e5 3.d4 Bb4+ 4.Nc3 Qa5 5.Nf3 Bxc3+ 6.bxc3 d6 7.Bd2 Nd7 8.c5 dxc5
9.Nxe5 Nxe5 10.dxe5 Ne7 11.f4 O-O 12.c4 Qa3 13.Be2 Rd8 14.Qc2 Bd7 15.O-O Be8
16.Rf3 Qa6 17.Bc3 b5 18.f5 Qb7 19.Rg3 b4 20.Bb2 Kf8 21.Qc1 Ng8 22.Rxg7 h6
23.f6 Qd7 24.Rxg8+  1-0

[Event "Badenweiler op"]
[Site "Badenweiler"]
[Date "1994.??.??"]
[Round "3"]
[White "Scherer, Max"]
[Black "Kiefhaber, Holger"]
[Result "1-0"]
[WhiteElo "2210"]
[BlackElo "2305"]

1.c4 c6 2.g3 d5 3.Bg2 Nf6 4.Nf3 dxc4 5.Qc2 Qd5 6.Nh4 Qd4 7.O-O Be6 8.Na3 Nbd7
9.Nf3 Qc5 10.d4 cxd3 11.Qxd3 Bf5 12.Qb3 Qb6 13.Qa4 e6 14.Be3 Qb4 15.Qd1 h6
16.Nd4 Bh7 17.Rc1 Qxb2 18.Nc4 Qxa2 19.Nxc6 Be4 20.Bxe4 Nxe4 21.N6a5 b5 22.Ra1 Nc3
23.Rxa2 Nxd1 24.Rxd1 bxc4 25.Nxc4 Bb4 26.Rb1 Bc5 27.Rb7 Bxe3 28.fxe3 f6 29.Rd2 Nc5
30.Rc7 Na6 31.Rxg7 Nc5 32.Rc7 Na6 33.Rc6 Nb4 34.Rxe6+ Kf7 35.Rdd6 Nd5 36.e4 Nc3
37.Rxf6+ Kg7 38.Ne5 Nxe2+ 39.Kg2  1-0

[Event "Badenweiler op"]
[Site "Badenweiler"]
[Date "1994.??.??"]
[Round "8"]
[White "Scherer, Max"]
[Black "Schiff, Armin"]
[Result "1/2-1/2"]
[WhiteElo "2210"]
[BlackElo "2260"]

1.c4 c6 2.g3 d5 3.Nf3 Nf6 4.b3 g6 5.Bg2 Bg7 6.Bb2 O-O 7.O-O Nbd7 8.d3 Re8
9.Nc3 e5 10.cxd5 Nxd5 11.Rc1 Nxc3 12.Bxc3 Nb6 13.Nd2 Be6 14.Qc2 Qe7  1/2-1/2

[Event "Balatonbereny op"]
[Site "Balatonbereny"]
[Date "1994.??.??"]
[Round "8"]
[White "Mohandesi, Shahin"]
[Black "Kiss, Fernanda"]
[Result "1-0"]
[WhiteElo "2320"]
[BlackElo "2120"]

1.c4 c6 2.Nf3 d5 3.d4 Nf6 4.Nc3 a6 5.e3 b5 6.cxd5 cxd5 7.Bd3 Bb7 8.O-O e6
9.Ne5 Bd6 10.f4 O-O 11.a4 b4 12.Ne2 Ne4 13.Bxe4 dxe4 14.Bd2 Nc6 15.Nc1 Na5
16.b3 Bd5 17.Rb1 Rc8 18.Rb2 Qc7 19.Qe1 Qb7 20.f5 f6 21.Ng4 h5 22.Nf2 Qb8
23.fxe6 Bxh2+ 24.Kh1 Nc6 25.Qe2 g6 26.Qxa6 Ne7 27.Ne2 Rc6 28.Qa5 Nf5 29.Qxd5 Ne7
30.Qxe4 f5 31.Qf3 Rxe6 32.g3 g5 33.Kxh2 h4 34.Kg1 hxg3 35.Qxg3 f4 36.Nxf4 Rg6
37.Nh5 Qb7 38.e4 Qb6 39.Be3  1-0

[Event "Oberliga Bayern9394"]
[Site "Bayern"]
[Date "1994.??.??"]
[Round "?"]
[White "Mandl, Robert"]
[Black "Dobosz, Henryk"]
[Result "1/2-1/2"]
[WhiteElo "2420"]
[BlackElo "2430"]

1.c4 c6 2.Nf3 d5 3.d4 Nf6 4.Qc2 dxc4 5.Qxc4 Bf5 6.g3 e6 7.Bg2 Nbd7 8.Nc3 Be7
9.O-O O-O 10.e3 h6 11.Rd1 Bc2 12.Rd2 Bh7 13.Qe2 Qa5 14.Rd1 Ne4 15.Bd2 Bb4
16.Nxe4 Bxe4 17.a3 Bxd2 18.Nxd2 Bxg2 19.Kxg2 e5 20.b4 Qc7 21.Nb3 Rad8 22.Rac1 exd4
23.Nxd4 Nf6 24.Qf3 Qe5 25.Rc5 Rd5 26.Rxd5 Nxd5 27.Nf5 Kh7 28.g4 Re8 29.Rd4 Re6
30.Ng3 Nf6 31.h4 a5 32.Qd1 axb4 33.axb4 Re7 34.Qd3+ Kg8 35.Kf3 Qe6 36.g5 hxg5
37.hxg5 Nh7 38.Rd8+ Re8 39.Rxe8+ Qxe8 40.Kf4 Qb8+ 41.Kg4 Qc8+ 42.Qf5 Qf8
43.Qe4 Qc8+ 44.Kh4 Nf8 45.Nh5 Qe6 46.Qd4 Ng6+ 47.Kg3 Qe5+ 48.Kg4 Qxd4+ 49.exd4 Ne7
50.Nf4 Kf8 51.Kf3 Ke8 52.Ke4 f6 53.Ne6 fxg5 54.Nxg7+ Kf7 55.Nf5 Nd5 56.Nd6+ Kf6
57.Nxb7 Nxb4 58.Nc5 Nd5 59.Nd7+ Ke6 60.Ne5 Nf6+ 61.Kd3  1/2-1/2

[Event "Regionalliga NO9495"]
[Site "Bayern"]
[Date "1994.??.??"]
[Round "8"]
[White "Heusinger, Martin"]
[Black "Blank, Helmut"]
[Result "0-1"]
[WhiteElo "1960"]
[BlackElo "1965"]

1.c4 c6 2.Nc3 d5 3.cxd5 cxd5 4.d4 Nf6 5.Nf3 Nc6 6.g3 g6 7.Bg2 Bg7 8.O-O O-O
9.Re1 Ne4 10.Nb1 Qb6 11.e3 e6 12.Nbd2 f5 13.a3 a5 14.b3 Bd7 15.Bb2 Rfc8 16.h4 h6
17.Nxe4 dxe4 18.Nd2 Ne7 19.Bf1 Nd5 20.Nc4 Qd8 21.Rc1 Be8 22.a4 Bf8 23.Be2 Bb4
24.Rf1 b5 25.axb5 Bxb5 26.Kg2 Kh7 27.Rh1 Rc7 28.Qf1 Rac8 29.Qd1 a4 30.Bf1 axb3
31.Qxb3 Qe8 32.Be2 Qe7 33.Rhg1 Ra7 34.Nd6 Rxc1 35.Rxc1 Bxe2 36.Nc8 Qb7 37.Nxa7 Qxa7
38.Ra1 Qd7 39.Ba3 Qb5 40.Bxb4 Qxb4 41.Ra7+ Kg8 42.Qa2 Qe1 43.Ra8+ Kf7 44.Ra7+ Kf6  0-1

[Event "JUG-chT Cup"]
[Site "Becici"]
[Date "1994.??.??"]
[Round "?"]
[White "Semenov, Aleksandar"]
[Black "Krstic, Mladen"]
[Result "0-1"]
[WhiteElo "2355"]
[BlackElo "2290"]

1.c4 c6 2.d3 d5 3.Qc2 Nf6 4.g3 g6 5.Bg2 Bg7 6.Nf3 Bg4 7.b4 Nbd7 8.Bb2 O-O
9.h3 Bxf3 10.Bxf3 e6 11.O-O Ne8 12.Bxg7 Nxg7 13.Nd2 Nf5 14.Nb3 Ne5 15.Bg2 Qb6
16.a3 Rad8 17.c5 Qc7 18.e4 dxe4 19.dxe4 Nd4 20.Nxd4 Rxd4 21.Qc1 Rfd8 22.Qh6 f6
23.Qf4 Kg7 24.h4 h6 25.Ra2 Qf7 26.g4 g5 27.Qg3 Rd3 28.f3 Ng6 29.h5 Nf4 30.Rff2 Qc7
31.Kh2 Qe5 32.Bf1 Rd1 33.Bc4 Qc3 34.Rac2 Qa1  0-1

[Event "Berliner Sommer"]
[Site "Berlin"]
[Date "1994.??.??"]
[Round "?"]
[White "Badea, Bela"]
[Black "Kleeschaetzky, Rainer"]
[Result "1/2-1/2"]
[WhiteElo "2435"]
[BlackElo "2285"]

1.c4 c6 2.e4 d5 3.exd5 cxd5 4.cxd5 Nf6 5.Bb5+ Nbd7 6.Nc3 a6 7.Ba4 b5 8.Bc2 Nb6
9.a4 b4 10.Nce2 Nbxd5 11.Nf3 e6 12.d4 a5 13.Ne5 Ba6 14.O-O Rc8 15.Re1 Be7
16.Bg5 h6 17.Bc1 Qb6 18.Nf4 Nxf4 19.Bxf4 O-O 20.Bb3 Rfd8 21.Qf3 Bb7 22.Qh3 Bd5
23.Bxh6 Bxb3 24.Re3 Bc2 25.Bxg7 Kxg7 26.Rg3+ Bg6 27.Rxg6+ fxg6 28.Qg3 Rf8
29.Qxg6+ Kh8 30.Qh6+ Kg8 31.Qg6+ Kh8 32.Qh6+ Kg8 33.Qg6+  1/2-1/2

[Event "Berliner Sommer"]
[Site "Berlin"]
[Date "1994.??.??"]
[Round "?"]
[White "Beim, Valery"]
[Black "Kula, Robert"]
[Result "1-0"]
[WhiteElo "2545"]
[BlackElo "2305"]

1.c4 c6 2.e4 g6 3.Nc3 Bg7 4.d4 d6 5.Nf3 Bg4 6.Be3 Nd7 7.Be2 e6 8.O-O Ne7
9.Qd2 O-O 10.Bh6 Bxf3 11.Bxf3 Qb6 12.Bxg7 Kxg7 13.b4 Rad8 14.a3 e5 15.Rad1 Qc7
16.Be2 a5 17.f4 axb4 18.axb4 Qb6 19.Kh1 f6 20.Na4 Qa7 21.dxe5 dxe5 22.Qd6 Rfe8
23.Qc7 Qxa4 24.Rxd7 Rxd7 25.Qxd7 Qa8 26.fxe5 fxe5 27.Bg4 Qd8 28.Qxb7 Qd3
29.Rc1 Qxe4 30.Qd7 Qf4 31.Rg1 Qf7 32.Be6 Qf8 33.b5 cxb5 34.cxb5 Rb8 35.Bc4 Rc8
36.Be2 Rc2 37.Bd3 Rd2 38.b6 e4 39.Qd4+ Qf6 40.Qxf6+ Kxf6 41.Bxe4 Rb2 42.b7 Ke5
43.Bf3 Nf5 44.Re1+ Kd4 45.h3 Ne3 46.Ra1 Kd3 47.h4 h6 48.Ra8 Rb1+ 49.Kh2 Nf1+
50.Kh3 Nd2 51.b8=Q Rh1+ 52.Kg4  1-0

[Event "Berliner Sommer"]
[Site "Berlin"]
[Date "1994.??.??"]
[Round "?"]
[White "Beim, Valery"]
[Black "Sokolov, Andrei"]
[Result "1/2-1/2"]
[WhiteElo "2545"]
[BlackElo "2580"]

1.c4 c6 2.e4 e5 3.Nf3 d6 4.d4 Nd7 5.Nc3 Ngf6 6.Be2 Be7 7.O-O O-O 8.Qc2 Re8
9.Rd1 Qc7 10.Bg5 h6 11.Bh4 g5 12.Bg3 Nh5 13.Rd2 Nf4 14.Bf1 Nf8 15.Nd1 Bg4
16.Ne1 Bh5 17.Ne3 Bg6 18.Nf5 Bxf5 19.exf5 Nh5 20.Rad1 Nxg3 21.hxg3 exd4 22.Rxd4 Rad8
23.Nf3 Nd7 24.Qd3  1/2-1/2

[Event "Berliner Sommer"]
[Site "Berlin"]
[Date "1994.??.??"]
[Round "?"]
[White "Schulz, Wolfgang"]
[Black "Rause, Olita"]
[Result "0-1"]
[WhiteElo "2135"]
[BlackElo "2360"]

1.c4 c6 2.d4 d5 3.cxd5 cxd5 4.Nc3 Nf6 5.Nf3 a6 6.h3 b5 7.a3 Bb7 8.Bf4 Ne4
9.Qd3 e6 10.Nd2 Nd6 11.b4 Nd7 12.e4 dxe4 13.Ncxe4 Nb6 14.Nc5 Bd5 15.Rc1 Nbc4
16.Qc3 Nxd2 17.Qxd2 Nc4 18.Qc3 Be7 19.Qg3 O-O 20.a4 Bf6 21.Be5 Nxe5 22.dxe5 Bh4
23.Qc3 f6 24.Rg1 fxe5 25.g3 Rf3 26.Qc2 Bg5 27.Rd1 bxa4 28.Bg2 Qb6 29.Bxf3 Bxf3
30.Rb1 Rd8 31.Qc4 Bd2+ 32.Kf1 Bd5 33.Qxa6 Qxa6+ 34.Nxa6 Bc4+ 35.Kg2 Bxa6
36.b5 Bb7+ 37.Kh2 Bc3 38.Rgc1 Rd3 39.Rc2 a3 40.Ra2 Bb2 41.Rbxb2 axb2 42.Rxb2 Kf8
43.b6 Rd6 44.g4 Ke7 45.Kg3 g5 46.Rb3 e4 47.Rb5 Kf6 48.Rb4 Rd3+ 49.Kh2 Rd2
50.Kg1 Ke5 51.Rb3 Rd3 52.Rb5+ Kf4 53.Kh2 Rd2 54.Kg1 e3 55.Rb4+ Kf3 56.fxe3 Kxe3
57.Rb1 Re2 58.Rb5 Re1+ 59.Kh2 Rh1+ 60.Kg3 Rf1  0-1

[Event "Berliner Sommer"]
[Site "Berlin"]
[Date "1994.??.??"]
[Round "?"]
[White "Siebrecht, Sebastian"]
[Black "Kues, Hendrik"]
[Result "1/2-1/2"]
[WhiteElo "2280"]
[BlackElo "2275"]

1.c4 c6 2.g3 d5 3.Bg2 Nf6 4.cxd5 cxd5 5.Nf3 Nc6 6.O-O e5 7.d4 e4 8.Ne1 Qb6
9.Nc2 Be7 10.Nc3 O-O 11.b3 Be6 12.Na4 Qc7 13.f3 b6 14.Ba3 Rac8 15.Qd2 Rfe8
16.Rac1 Bxa3 17.Nxa3 Qd6 18.Nb5 Qd7 19.Rfd1 Bf5 20.Qf4 Red8 21.g4 Bg6 22.h4 exf3
23.exf3 Nb4 24.Rxc8 Rxc8 25.Nbc3 h5 26.g5 Ne8 27.a3 Nd3 28.Qe3 Qf5 29.Kh2 Nf4
30.Bf1 Nc7 31.Kg3 Nce6 32.Ne2 Qc2  1/2-1/2

[Event "Berliner Sommer"]
[Site "Berlin"]
[Date "1994.??.??"]
[Round "?"]
[White "Lerner, Konstantin Z"]
[Black "Rogozenko, Dorin"]
[Result "1-0"]
[WhiteElo "2570"]
[BlackElo "2405"]

1.c4 c6 2.e4 d5 3.exd5 Nf6 4.d4 cxd5 5.Nc3 Nc6 6.Nf3 Bg4 7.cxd5 Nxd5 8.Qb3 Bxf3
9.gxf3 e6 10.Qxb7 Nxd4 11.Bb5+ Nxb5 12.Qc6+ Ke7 13.Qxb5 Qd7 14.Bg5+ f6 15.Nxd5+ Qxd5
16.Qxd5 exd5 17.Be3 Ke6 18.O-O-O Bb4 19.Rd3 Rhd8 20.Kb1 Rd7 21.Rc1 Rad8 22.a3 Bf8
23.Rc6+ Kf5 24.Rd4 Rb8 25.Ra4 Rbb7 26.h3 Bd6 27.f4 Bb8 28.Rc5 Ke6 29.Kc2 Rd6
30.b4 Bc7 31.Kd3 Bb6 32.Rc1 d4 33.Bd2 Rd5 34.Ra6 Rh5 35.Rh1 Kd5 36.a4 Rh4
37.f3 f5 38.a5 Bc7 39.Rc1 Bd6 40.Rc4 Rd7 41.Rxd4+ Ke6 42.b5 Ke7 43.Raxd6  1-0

[Event "Bern op"]
[Site "Bern"]
[Date "1994.??.??"]
[Round "1"]
[White "Daudzvardis, Janis"]
[Black "Stoecklin, Carlo"]
[Result "1-0"]
[WhiteElo "2290"]
[BlackElo "2130"]

1.c4 c6 2.g3 e6 3.Bg2 d5 4.Qc2 Nf6 5.b3 e5 6.d3 Bd6 7.e4 dxe4 8.dxe4 h6 9.Nf3 O-O
10.O-O Qe7 11.Nc3 Bg4 12.h3 Be6 13.Nh4 Bb4 14.a3 Ba5 15.b4 Bxc4 16.bxa5 Bxf1
17.Bxf1 Qc5 18.Rb1 Nxe4 19.Qxe4 Qxc3 20.Bd3 g6 21.Nxg6 Rd8 22.Nxe5 Rxd3 23.Nxd3 Na6
24.Bb2 Qxa5 25.Bf6  1-0

[Event "Bern op"]
[Site "Bern"]
[Date "1994.??.??"]
[Round "6"]
[White "Gulko, Boris F"]
[Black "Milov, Leonid"]
[Result "1-0"]
[WhiteElo "2615"]
[BlackElo "2585"]

1.c4 c6 2.d4 d5 3.e3 e6 4.Nf3 f5 5.Bd3 Nf6 6.O-O Bd6 7.b3 Qe7 8.a4 O-O 9.Ba3 Bxa3
10.Rxa3 g6 11.a5 Nbd7 12.cxd5 exd5 13.a6 Ne4 14.Qc1 Rf6 15.axb7 Bxb7 16.Ra5 a6
17.Nbd2 c5 18.Qa3 Qf8 19.Qa4 Bc6 20.Qa1 Bb7 21.Rc1 Rc6 22.Ra2 Qf6 23.Bb5 Nxd2
24.Nxd2 axb5 25.Rxa8+ Bxa8 26.Qxa8+ Kg7 27.Qb7 Qd6 28.dxc5 Rc7 29.cxd6 Rxb7
30.Rc7 Rxc7 31.dxc7 Nb6 32.Nf3 Kf6 33.Nd4 b4 34.Nc6 Ke6 35.Nxb4 Kd7 36.Na6 Kc6
37.Kf1 h6 38.Ke2 Kb7 39.Nb4 Kxc7 40.Kd3 g5 41.Kd4 Kd6 42.h3 Ke6 43.Nd3 h5
44.Kc5  1-0

[Event "Bern op"]
[Site "Bern"]
[Date "1994.??.??"]
[Round "8"]
[White "Gulko, Boris F"]
[Black "Maksimenko, Andrei"]
[Result "1-0"]
[WhiteElo "2615"]
[BlackElo "2430"]

1.c4 c6 2.e4 e5 3.d4 Bb4+ 4.Bd2 Bxd2+ 5.Qxd2 d6 6.Nc3 Nd7 7.f4 Ngf6 8.Nf3 O-O
9.O-O-O Re8 10.dxe5 dxe5 11.Nxe5 Qa5 12.Nxd7 Bxd7 13.e5 Rad8 14.exf6 Bg4
15.Bd3 Bxd1 16.Rxd1 b5 17.cxb5 cxb5 18.Kb1 b4 19.Nd5 Qxd5 20.Bxh7+ Kxh7 21.Qxd5 Rxd5
22.Rxd5 Re2 23.Rd7 gxf6 24.Rxf7+ Kg6 25.Rxa7 b3 26.axb3 Rxg2 27.Rd7 Rxh2
28.b4 Kf5 29.Rd4 Rh7 30.Kc2 Rb7 31.Kb3 Kg4 32.Kc4 Rc7+ 33.Kd5 Rc2 34.b5 Rxb2
35.Kc5 Kf5 36.b6 Ke6 37.Rb4 Rc2+ 38.Rc4  1-0

[Event "Wch Seniors"]
[Site "Biel"]
[Date "1994.??.??"]
[Round "6"]
[White "Gurgenidze, Bukhuti"]
[Black "Wade, Robert Graham"]
[Result "1/2-1/2"]
[WhiteElo "2390"]
[BlackElo "2290"]

1.c4 c6 2.b3 d5 3.Nf3 Bf5 4.g3 e6 5.Bg2 Be7 6.O-O Bf6 7.d4 Ne7 8.cxd5 cxd5
9.Nc3 O-O 10.Bg5 Nec6 11.Bxf6 Qxf6 12.Qd2 Nd7 13.Rac1 Rfd8 14.Rfd1 h6 15.Qf4 Be4
16.Nxe4 Qxf4 17.gxf4 dxe4 18.Ne5 Ndxe5 19.dxe5 Nb4 20.a3 Rxd1+ 21.Rxd1 Nd5
22.Bxe4 Nc3 23.Bxb7 Rb8 24.Rd7 Nxe2+ 25.Kf1 Nxf4 26.b4 g5 27.b5 Nd3 28.Rc7 Nxe5
29.a4 Rd8 30.Bc8 Rd4 31.Rxa7 Rb4 32.Ke2 Nc4 33.Bb7 Nb6 34.a5 Rxb5 35.axb6 Rxb6
36.Be4 Kg7 37.Bd3 Rb3 38.Ra5 Rb4 39.Kf1 Rd4 40.Be2 Kg6 41.Ra2 h5 42.Kg2 h4
43.h3 Rf4 44.Rc2 Rd4 45.Rc4 Rxc4 46.Bxc4 e5 47.Kf3 f5 48.Be6 Kf6 49.Bc8 e4+
50.Ke3 Ke5 51.Bd7 f4+ 52.Ke2 Kd4 53.Bg4 Kc3 54.Bf5 Kd4 55.Kd1 Ke5 56.Bg4 Kd4
57.Kc2 Kc4 58.Bf5 Kd4 59.Bg4 Kc4 60.Be2+ Kd4 61.Bf1  1/2-1/2

[Event "Biel op"]
[Site "Biel"]
[Date "1994.??.??"]
[Round "9"]
[White "Gheorghiu, Florin"]
[Black "Milov, Leonid"]
[Result "1/2-1/2"]
[WhiteElo "2455"]
[BlackElo "2520"]

1.c4 c6 2.Nf3 d5 3.e3 Nf6 4.Nc3 Bg4 5.cxd5 Bxf3 6.Qxf3 cxd5 7.Bb5+ Nc6 8.Bxc6+ bxc6
9.d4 e6 10.O-O c5 11.dxc5 Bxc5 12.e4 dxe4 13.Nxe4 Nxe4 14.Qxe4 O-O 15.Be3 Bxe3
16.Qxe3  1/2-1/2

[Event "Bled op"]
[Site "Bled"]
[Date "1994.??.??"]
[Round "?"]
[White "Sher, Miron N"]
[Black "Doric, Nenad"]
[Result "1-0"]
[WhiteElo "2520"]
[BlackElo "2285"]

1.c4 c6 2.e4 d5 3.exd5 cxd5 4.d4 Nf6 5.Nc3 Nc6 6.Bg5 e6 7.Nf3 Be7 8.a3 O-O
9.Bd3 dxc4 10.Bxc4 Nd5 11.Be3 b6 12.O-O Bb7 13.Nxd5 exd5 14.Ba2 Bf6 15.Rc1 Rc8
16.Qd3 Re8 17.Bf4 Re4 18.Be3 Re8 19.b4 g6 20.Qb3 Ne7 21.Bf4 Nf5 22.Qd3 Qd7
23.Bb3 Rxc1 24.Rxc1 Rc8 25.Rxc8+ Qxc8 26.h3 Ne7 27.g4 Bg7 28.Kg2 Qe6 29.Be5 Nc6
30.Bxg7 Kxg7 31.Qe3 Qe4 32.Kg3 Qxe3 33.fxe3 Ne7 34.Nd2 f6 35.Nb1 Kf8 36.Nc3 h6
37.Nb5 Nc8 38.Kf4 Ke7 39.h4 a6 40.Nc3 Kd6 41.h5 gxh5 42.gxh5 Ne7 43.Ne2 Bc6
44.Ng3 Bd7 45.Bc2 a5 46.bxa5 bxa5 47.Bd1 Be6 48.Be2 Bd7 49.Ba6 Be6 50.Bb5 Bc8
51.Bd3 Be6 52.Nf1 Bf7 53.Be2 Be8 54.Nd2 Ba4 55.Nb1 Bd7 56.Nc3 Be8 57.Bg4 Bc6
58.Bf3 Ke6 59.Nd1 Kd6 60.Nf2 Bd7 61.Nd3 Kc6 62.Nc5 Be8 63.Bg4 Kb6 64.Bd1 Kc7
65.Kg4 Bb5 66.Bc2 Be2+ 67.Kh4 Bb5 68.Kg3 Be8 69.Kg4 Bd7+ 70.Kf4 Be8 71.Bd1 Bb5
72.Ne6+ Kd6 73.Nd8 Be8 74.Nb7+ Kc6 75.Nxa5+ Kb6 76.Nb3 Ba4 77.Bc2 Kc6 78.Na5+ Kb5
79.Bxa4+ Kxa4 80.Nb7 Kxa3 81.Nc5 Kb4 82.Nd7 Kc4 83.Nxf6 Kd3 84.Ng4 Ng8 85.Kf5 Ke2
86.Ke6 Kf3 87.Nf6 Nxf6 88.Kxf6 Kxe3 89.Ke5  1-0

[Event "Bled op"]
[Site "Bled"]
[Date "1994.??.??"]
[Round "?"]
[White "Vospernik, Zdravko"]
[Black "Rogic, Davor"]
[Result "1-0"]
[WhiteElo "2180"]
[BlackElo "2390"]

1.c4 c6 2.Nf3 d5 3.e3 Nf6 4.d4 e6 5.Bd3 dxc4 6.Bxc4 b5 7.Bd3 a6 8.a4 Bb7
9.O-O Nbd7 10.e4 Nb6 11.e5 Nfd5 12.a5 Nc8 13.Ng5 c5 14.Nc3 cxd4 15.Qf3 Qd7
16.Nxd5 Bxd5 17.Be4 Ra7 18.Bxd5 Qxd5 19.Qxd5 exd5 20.Nf3 Bc5 21.Bd2 Rc7 22.Rac1 Kd8
23.Ng5 Re8 24.Bf4 Re6 25.Nxe6+ fxe6 26.Bg5+ Kd7 27.Bd2 b4 28.Rfd1 Ne7 29.Kf1 b3
30.Ke2 Ng6 31.f4 Nh4 32.Kd3 g6 33.Rg1 Nf5 34.g4 Nh4 35.Rg3 g5 36.fxg5 Kd8
37.Ke2 Ng6 38.Rxb3 d3+ 39.Rxd3 Nxe5 40.Bf4 Nxd3 41.Bxc7+ Kxc7 42.Kxd3 Kd6
43.h4 e5 44.Rxc5 Kxc5 45.h5  1-0

[Event "Brno-A"]
[Site "Brno"]
[Date "1994.??.??"]
[Round "3"]
[White "Stohl, Igor"]
[Black "Haba, Petr"]
[Result "1-0"]
[WhiteElo "2560"]
[BlackElo "2505"]

1.c4 c6 2.d4 d5 3.Nc3 e6 4.e4 dxe4 5.Nxe4 Bb4+ 6.Bd2 Qxd4 7.Bxb4 Qxe4+ 8.Be2 Ne7
9.Nf3 Ng6 10.Nd2 Qf5 11.Bf3 Qe5+ 12.Ne4 f5 13.Bc3 Qc7 14.Nd6+ Kf8 15.Qd2 e5
16.O-O-O Be6 17.h4 Nd7 18.h5 Ne7 19.h6 Rg8 20.Qg5 Rd8 21.Rhe1 b5 22.Rxe5 Nxe5
23.Bxe5 Rxd6 24.hxg7+ Ke8 25.Bxd6 Qd7 26.Bxe7 Qxe7 27.Bh5+ Bf7 28.Bxf7+ Kxf7
29.Qxf5+  1-0

[Event "Brno-A"]
[Site "Brno"]
[Date "1994.??.??"]
[Round "6"]
[White "Bischoff, Klaus"]
[Black "Stangl, Markus"]
[Result "1/2-1/2"]
[WhiteElo "2525"]
[BlackElo "2535"]

1.c4 c6 2.Nf3 d5 3.e3 Nf6 4.Nc3 a6 5.b3 Bg4 6.Bb2 Nbd7 7.h3 Bxf3 8.Qxf3 e6
9.g4 h6 10.Be2 b5 11.cxd5 cxd5 12.h4 Rc8 13.g5 hxg5 14.hxg5 Ne5 15.Qg2 Rxh1+
16.Qxh1 Nfd7 17.f4 Nc6 18.Kf2 Ne7 19.Rc1 Qb6 20.d4 g6 21.Bd3 Rc6 22.Ne2 Qa5
23.Bb1 Qc7  1/2-1/2

[Event "Bucharest-B"]
[Site "Bucharest"]
[Date "1994.??.??"]
[Round "?"]
[White "Badea, Bela"]
[Black "Bets, Anatolij"]
[Result "1-0"]
[WhiteElo "2380"]
[BlackElo "2405"]

1.c4 c6 2.e4 d5 3.cxd5 cxd5 4.exd5 Nf6 5.Bb5+ Nbd7 6.Nc3 a6 7.Ba4 b5 8.Bc2 Nb6
9.Nf3 Bb7 10.O-O Nbxd5 11.a4 b4 12.Ne2 Qa5 13.d4 g6 14.Bg5 Bg7 15.Nc1 O-O
16.Nb3 Qc7 17.Nc5 Nd7 18.Nxb7 Qxb7 19.Re1 e6 20.a5 Rfc8 21.Bb3 Rc7 22.Qd2 Rac8
23.Bh4 N5f6 24.Bg3 Ne4 25.Rxe4 Qxe4 26.Bxc7 Rxc7 27.Qxb4 Bf8 28.Qd2 Qb7 29.Bd1 Nf6
30.Ne5 Nd5 31.g3 Bb4 32.Qe2 Qa7 33.Nf3 Qb7 34.Bc2 Bf8 35.Be4 Qb3 36.Qxa6 Qxb2
37.Qf1 Nc3 38.Bd3 Ba3 39.a6 f6 40.Re1 Qb6 41.Qh3 Rc6 42.Qg4 Kg7 43.Nh4 f5
44.Qf3 Nd5 45.Bf1 Bb2 46.Rb1 Rc2 47.Qd1 Nb4 48.Bd3 Rxf2 49.Kxf2 Qxd4+ 50.Kg2 Nxd3
51.Qe2 e5 52.Nf3 Qc4 53.Rxb2 e4 54.Rb7+ Kf6 55.Rb6+ Kg7 56.Kf1  1-0

[Event "Bucharest-A"]
[Site "Bucharest"]
[Date "1994.??.??"]
[Round "?"]
[White "Schwartzman, Gabriel"]
[Black "Komarov, Dimitri"]
[Result "1/2-1/2"]
[WhiteElo "2500"]
[BlackElo "2535"]

1.c4 c6 2.d4 d5 3.Nc3 Nf6 4.cxd5 cxd5 5.Bf4 Nc6 6.e3 Bf5 7.Bb5 e6 8.Qa4 Qb6
9.Nf3 Nd7 10.Nh4 Be4 11.f3 Bd3 12.Nxd5 Bxb5 13.Nxb6 Bxa4 14.Nxa8 Be7 15.b3 g5
16.Bg3 g4 17.Bf4 O-O 18.Nc7 Rc8 19.bxa4  1/2-1/2

[Event "ROM-ch"]
[Site "Bucharest"]
[Date "1994.??.??"]
[Round "9"]
[White "Schwartzman, Gabriel"]
[Black "Ceteras, Marius"]
[Result "1-0"]
[WhiteElo "2505"]
[BlackElo "2330"]

1.c4 c6 2.Nc3 d5 3.d4 Nf6 4.cxd5 cxd5 5.Bf4 Nc6 6.e3 e6 7.Bd3 Be7 8.h3 O-O
9.Nf3 Qb6 10.a3 Na5 11.b4 Nc4 12.O-O a5 13.b5 a4 14.Bxc4 dxc4 15.e4 Bd7 16.Qc2 Rfc8
17.Rfb1 Qd8 18.Nd2 Ra5 19.Qa2 Be8 20.Nxc4 Raa8 21.Rd1 Bxa3 22.d5 e5 23.Bxe5 Bb4
24.Rab1 Bxc3 25.Bxc3 Nxe4 26.Be5 f6 27.Ba1 Bf7 28.Qe2 Nd6 29.Ne3 Qe8 30.Re1 Qe4
31.Qd2 Bg6 32.Rb4 Qd3 33.Qa2 Nxb5 34.Rd1 Nc3 35.Bxc3 Qxc3 36.Rxb7 Rd8 37.d6+ Kh8
38.Qd5 Qe5 39.Qxe5 fxe5 40.Nc4 Bc2 41.Rc1 Be4 42.Re7 Bg6 43.d7 a3 44.Nxe5 a2
45.Ra1 Kg8 46.Nxg6 hxg6 47.Rxa2 Rxa2 48.Re8+ Kf7 49.Rxd8 Rd2 50.f4 Rd1+ 51.Kf2 Rd2+
52.Ke3 Rd1 53.h4 Rd6 54.Kf3 Rd2 55.Kg3 Rd3+ 56.Kg4 Rd1 57.h5 gxh5+ 58.Kxh5 Rd2
59.g4 Rd3 60.Kg5 Rd1 61.f5 Rd4 62.Kh4 Rd1 63.g5 Rd4+ 64.Kg3 Rd3+ 65.Kf4 Rd1
66.Ke3 g6 67.f6 Ke6 68.Ke2 Rxd7 69.Rxd7 Kxd7 70.Kd3 Ke8 71.Kd4 Kd8 72.Ke5  1-0

[Event "Budapest FS03 GM"]
[Site "Budapest"]
[Date "1994.??.??"]
[Round "2"]
[White "Zueger, Beat"]
[Black "Silman, Jeremy D"]
[Result "1/2-1/2"]
[WhiteElo "2425"]
[BlackElo "2405"]

1.c4 c6 2.Nf3 d5 3.d4 Nf6 4.Nc3 dxc4 5.e3 b5 6.a4 b4 7.Na2 e6 8.Bxc4 Bb7
9.O-O Nbd7 10.b3 Be7 11.Bb2 O-O 12.Nc1 a5 13.Nd3 c5 14.Rc1 Rc8 15.Qe2 Bd6
16.Rfd1 Qe7 17.dxc5 Nxc5 18.Nxc5 Bxc5  1/2-1/2

[Event "Elekes mem"]
[Site "Budapest"]
[Date "1994.??.??"]
[Round "4"]
[White "Schwarz, Michael"]
[Black "Collas, Didier"]
[Result "1-0"]
[WhiteElo "2390"]
[BlackElo "2330"]

1.c4 c6 2.d4 d5 3.Nf3 Nf6 4.Qc2 dxc4 5.Qxc4 Bf5 6.Nc3 e6 7.g3 Be7 8.Bg2 Nbd7
9.O-O O-O 10.Bf4 Ne4 11.Ne5 Nxe5 12.dxe5 Nxc3 13.bxc3 h6 14.e4 Bh7 15.Be3 Qc7
16.f4 Rfe8 17.Rfd1 c5 18.Qb5 Red8 19.Rab1 b6 20.Kf2 Kf8 21.a4 Rxd1 22.Rxd1 Rd8
23.Rxd8+ Bxd8 24.a5 Ke7 25.axb6 axb6 26.Bf3 Kf8 27.h4 Be7 28.Qa6 Bd8 29.Qa8 Qd7
30.Be2 Ke7 31.g4 f6 32.exf6+ Kxf6 33.Bc4 Ke7 34.f5 exf5 35.gxf5 Kf8 36.f6 Bg8
37.Bb5 Qc7 38.Kf3 Bf7 39.Bf4  1-0

[Event "Budapest Spring op"]
[Site "Budapest"]
[Date "1994.??.??"]
[Round "6"]
[White "Ruck, Robert"]
[Black "Pakkanen, Jukka"]
[Result "1-0"]
[WhiteElo "2420"]
[BlackElo "2315"]

1.c4 c6 2.Nf3 Nf6 3.g3 d5 4.Qc2 g6 5.Bg2 Bg7 6.O-O O-O 7.b3 Nfd7 8.Bb2 e5
9.d3 a5 10.cxd5 cxd5 11.Nc3 Nb6 12.Ba3 Re8 13.Nb5 Nc6 14.Rad1 a4 15.Bd6 Bg4
16.bxa4 Qd7 17.Rb1 e4 18.dxe4 dxe4 19.Ng5 Nd4 20.Nxd4 Qxd6 21.Nb5 Qe5 22.Nxe4 Bf5
23.Nbd6 Qxd6 24.Nxd6 Bxc2 25.Rxb6 Rxe2 26.Rxb7 Rd8 27.Nxf7 Rdd2 28.Ng5 Bxa4
29.Rb8+ Re8 30.Rfb1 Bd4 31.Ne4 Re2 32.Kf1 Rxa2 33.Nf6+ Bxf6 34.Bd5+ Kg7 35.Bxa2 Re5
36.R8b7+ Kh6 37.R7b4 Bc6 38.h4 Be7 39.Rf4 Bb5+ 40.Bc4 g5 41.hxg5+ Bxg5 42.Rxb5 Bxf4
43.gxf4 Rg5  1-0